000 00687nam a2200205 i 4500
001 bg
245 0 0 _aUstrojowa wizja gospodarki polskiej /
_cJ. Kochanowicz [et al.].
260 _aWarszawa :
_bIRiSS,
_c1997.
300 _a165 s. ;
_c25 cm.
490 1 _aRaporty / Instytut Rozwoju i Studiów Strategicznych,
_x1230-2848 ;
_v55
504 _aBibliogr. s. 31-34, 94-95, 121-124.
651 9 _aPolska
_xgospodarka
_yod 1989 r.
700 1 _aKOCHANOWICZ, Jacek
_d(1946- ).
_ews
830 0 _aRaporty (Instytut Rozwoju i Studiów Strategicznych) ;
_v55
040 _cBPK
041 0 _apl
080 _a338.22(438)"1989/..."
942 _cKS
008 s pl f |000 0 pol
999 _c32670
_d32670
856 _uhttp://koha.tu.koszalin.pl/cgi-bin/koha/opac-detail.pl?biblionumber=32670
_yKatalog online BPK